000 00476nam a2200193Ia 4500
005 20250425160800.0
008 250425s9999 xx 000 0 und d
020 _a0881730017
041 _aeng
082 _a621.042
100 _aPAYNE, F. WILLIAM
245 0 _aADVANCED TECHNOLOGIES: IMPROVING INDUSTRIAL EFFICIENCY
250 _a1ST ED.
260 _aATLANTA
260 _aEstados Unidos
_bFAIRMONT PRESS
_c1985
300 _a188
942 _c01
010 _a5106
999 _c196043
_d196043